000 nam a22 7a 4500
999 _c9618
_d9618
008 180205b ||||| |||| 00| 0 eng d
100 _aJoshi,J.
_95746
245 _aOne Day
260 _aNew Delhi
_bNBT
_c2014